[Event "26. Herner Stadtmeisterschaft 2025"]
[Site "?"]
[Date "2025.03.17"]
[Round "7.12"]
[White "Radi, Günter"]
[Black "Funke, Eckhard"]
[Result "1-0"]
[WhiteElo "1902"]
[BlackElo "1920"]
[PlyCount "101"]
[GameId "2156864694485153"]
[EventDate "2025.??.??"]
[WhiteTeam "SV Günnigfeld 1922 e."]
[BlackTeam "SV Günnigfeld 1922 e."]

1. e4 d5 2. exd5 Qxd5 3. Nc3 Qd6 4. d4 Nf6 5. Nf3 c6 6. g3 Bf5 7. Bf4 Qd8 8. Bg2 Nbd7 9. Nh4 Be6 10. O-O Nd5 11. Nxd5 Bxd5 12. Nf3 e6 13. Qd3 Nf6 14. Rfe1 Bd6 15. Bd2 O-O 16. c4 Bxf3 17. Qxf3 Qc7 18. Bc3 Be7 19. Re2 Rac8 20. Rae1 b5 21. b3 bxc4 22. bxc4 a5 23. Rb1 c5 24. Rb7 Qd8 25. d5 Rc7 26. Rxc7 Qxc7 27. dxe6 fxe6 28. Rxe6 Qd7 29. Qe2 Bd8 30. Rc6 Re8 31. Qc2 Qe7 32. Bh3 Kh8 33. Re6 Qf7 34. Rxe8+ Qxe8 35. Bf5 h6 36. Qd3 Bc7 37. Qd2 Be5 38. Bxa5 Bd4 39. Qc2 Qe5 40. Kf1 h5 41. Bd2 Ng4 42. Bxg4 hxg4 43. Bf4 Qe6 44. a4 Qf7 45. a5 Qb7 46. Kg1 Qa6 47. Bc7 Qe6 48. Bb6 Qe1+ 49. Kg2 Bxf2 50. Qxf2 Qe4+ 51. Kg1 1-0

[Event "26. Herner Stadtmeisterschaft 2025"]
[Site "?"]
[Date "2025.03.17"]
[Round "7.13"]
[White "Markert, Dirk"]
[Black "Baumeister, Sven"]
[Result "1/2-1/2"]
[WhiteElo "1925"]
[BlackElo "1737"]
[PlyCount "44"]
[GameId "2156897247584682"]
[EventDate "2025.??.??"]
[WhiteTeam "SV Kamen 1930"]
[BlackTeam "SV Datteln 1924"]

1. e4 c5 2. d4 cxd4 3. c3 dxc3 4. Nxc3 Nc6 5. Nf3 e6 6. Bc4 Bb4 7. O-O Nge7 8. Bg5 O-O 9. Rc1 a6 10. a3 Bxc3 11. Rxc3 Qc7 12. Re1 f6 13. Bh4 d5 14. exd5 Nxd5 15. Bxd5 exd5 16. Qxd5+ Qf7 17. Qc5 Be6 18. Bg3 Rac8 19. Qb6 Rfd8 20. h3 Bd5 21. Nd4 Nxd4 22. Qxd4 Bc6 1/2-1/2

[Event "26. Herner Stadtmeisterschaft 2025"]
[Site "?"]
[Date "2025.03.17"]
[Round "7.14"]
[White "Schelwokat, Peter"]
[Black "Bialas, Jan-Philip"]
[Result "1/2-1/2"]
[WhiteElo "1942"]
[BlackElo "1841"]
[PlyCount "30"]
[GameId "2156900472320487"]
[EventDate "2025.??.??"]
[WhiteTeam "SpVigung Sterkrade-Nord"]
[BlackTeam "SV Datteln 1924"]

1. d4 f5 2. c4 Nf6 3. Nf3 e6 4. g3 c6 5. Bg2 d5 6. O-O Be7 7. b3 O-O 8. Ba3 Nbd7 9. Bxe7 Qxe7 10. Nbd2 b6 11. Rc1 c5 12. e3 Bb7 13. Ne5 Nxe5 14. dxe5 Ne4 15. Bxe4 dxe4 1/2-1/2

[Event "26. Herner Stadtmeisterschaft 2025"]
[Site "?"]
[Date "2025.03.17"]
[Round "7.15"]
[White "Evers, Klaus"]
[Black "Gausmann, Thomas"]
[Result "1/2-1/2"]
[WhiteElo "1790"]
[BlackElo "1821"]
[PlyCount "43"]
[GameId "2156898180669888"]
[EventDate "2025.??.??"]
[WhiteTeam "SV Günnigfeld 1922 e."]
[BlackTeam "SG Bochum 1931"]

1. Nf3 Nf6 2. c4 e6 3. g3 d5 4. Bg2 dxc4 5. Qa4+ Bd7 6. Qxc4 c5 7. O-O Be7 8. d4 b5 9. Qc2 c4 10. a4 O-O 11. axb5 Bxb5 12. Ne5 Nd5 13. Na3 Bxa3 14. Rxa3 Nd7 15. Nf3 Qe7 16. Ng5 g6 17. Ne4 a6 18. Bg5 f6 19. Bd2 Rac8 20. Rfa1 Rc7 21. Ba5 Rcc8 22. Nc3 1/2-1/2

[Event "26. Herner Stadtmeisterschaft 2025"]
[Site "?"]
[Date "2025.03.17"]
[Round "7.16"]
[White "Bautz, Volker"]
[Black "Sikorski, Thomas"]
[Result "1-0"]
[WhiteElo "1833"]
[BlackElo "1811"]
[PlyCount "59"]
[GameId "2156893546590573"]
[EventDate "2025.??.??"]
[WhiteTeam "Bochumer SV 02"]
[BlackTeam "SF Essen-Katernberg 0"]

1. f4 c6 2. Nf3 d6 3. b3 Nd7 4. Bb2 Qc7 5. e3 e5 6. fxe5 dxe5 7. Bc4 Be7 8. O-O Ngf6 9. d4 e4 10. Ng5 O-O 11. Nd2 b5 12. Bxf7+ Rxf7 13. Nxf7 Kxf7 14. Nxe4 Kg8 15. Ng3 Nf8 16. e4 Bg4 17. Qd3 Ng6 18. h3 Bd7 19. Nf5 Bxf5 20. Rxf5 Rf8 21. Raf1 Kh8 22. c4 a6 23. e5 Ng8 24. Qe4 Re8 25. Rh5 Nh6 26. Kh1 Rg8 27. d5 cxd5 28. cxd5 Re8 29. e6 Bf6 30. Rxf6 1-0

[Event "26. Herner Stadtmeisterschaft 2025"]
[Site "?"]
[Date "2025.03.17"]
[Round "7.17"]
[White "Kramer, Martin"]
[Black "Klein, Andreas"]
[Result "1/2-1/2"]
[WhiteElo "1816"]
[BlackElo "1826"]
[PlyCount "23"]
[GameId "2156903779901999"]
[EventDate "2025.??.??"]
[WhiteTeam "Dortmunder SV 1875"]
[BlackTeam "SC Buer-Hassel 1919 e. V."]

1. Nf3 d6 2. d4 c6 3. c4 g6 4. Nc3 Bg7 5. g3 Nf6 6. Bg2 Qc7 7. O-O Nbd7 8. e4 e5 9. h3 a6 10. Be3 O-O 11. Rc1 Re8 12. Qc2 1/2-1/2

[Event "26. Herner Stadtmeisterschaft 2025"]
[Site "?"]
[Date "2025.03.17"]
[Round "7.18"]
[White "Dimitriadis, Elias"]
[Black "Böcher, Joachim"]
[Result "1/2-1/2"]
[WhiteElo "1736"]
[BlackElo "1510"]
[PlyCount "56"]
[GameId "2156901836800524"]
[EventDate "2025.??.??"]
[WhiteTeam "SV Waltrop 1922 e. V."]
[BlackTeam "SV Günnigfeld 1922 e."]

1. e4 e5 2. Nf3 d6 3. c3 Be7 4. h3 Nc6 5. Bb5 Bd7 6. d4 exd4 7. cxd4 Nf6 8. Nc3 O-O 9. O-O a6 10. Ba4 h6 11. Bf4 Nh7 12. Re1 Ng5 13. Rc1 Nxf3+ 14. Qxf3 Nxd4 15. Qd3 Ne6 16. Bd2 Nc5 17. Qg3 Bh4 18. Qf3 Nxa4 19. Nxa4 Bxa4 20. Qc3 Rc8 21. Re3 Bf6 22. Qb4 Bd7 23. Bc3 Kh7 24. Qc4 Be6 25. Qd3 Bxc3 26. Rxc3 Qf6 27. Qc2 Qe5 28. a3 f5 1/2-1/2

[Event "26. Herner Stadtmeisterschaft 2025"]
[Site "?"]
[Date "2025.03.17"]
[Round "7.19"]
[White "Müller-Kreth, Kai"]
[Black "Koch, Burkhard"]
[Result "1-0"]
[WhiteElo "1746"]
[BlackElo "1787"]
[PlyCount "133"]
[GameId "2156877311463654"]
[EventDate "2025.??.??"]
[WhiteTeam "SK Sodingen/Castrop 24/23 e. V."]
[BlackTeam "SG Wanne"]

1. e4 e6 2. d4 d5 3. exd5 exd5 4. Bf4 Bd6 5. Bg3 Bxg3 6. hxg3 Ne7 7. Nf3 Bf5 8. Nh4 Be6 9. Bd3 Qd7 10. c3 Nbc6 11. Qc2 O-O-O 12. Nd2 g5 13. Nhf3 h6 14. O-O-O Kb8 15. Rde1 f6 16. Nb3 b6 17. Re2 Bf5 18. Rhe1 Bxd3 19. Qxd3 Rde8 20. Re3 Nc8 21. Rxe8 Rxe8 22. Rxe8 Qxe8 23. Qf5 N8e7 24. Qxf6 Qg6 25. Ne5 Qxf6 26. Nd7+ Kc8 27. Nxf6 Nd8 28. Nd2 Ne6 29. Nf3 c5 30. dxc5 bxc5 31. Ne5 Nd8 32. g4 Kc7 33. Ne8+ Kc8 34. g3 Ne6 35. Nd6+ Kc7 36. Nf5 Nc6 37. Nxc6 Kxc6 38. Nxh6 Kd6 39. Nf7+ Ke7 40. Ne5 Kd6 41. Ng6 d4 42. f4 Kd5 43. f5 Nd8 44. cxd4 cxd4 45. Kd2 Ke4 46. Nf8 Kf3 47. Ne6 Nf7 48. Nxd4+ Kxg3 49. Ke3 Kxg4 50. Ke4 Kg3 51. f6 g4 52. Nf5+ Kh3 53. Kf4 Nh8 54. b4 Ng6+ 55. Kg5 Ne5 56. a4 g3 57. Nxg3 Kxg3 58. Kf5 Nf7 59. b5 Kf3 60. Ke6 Ng5+ 61. Ke7 Ke4 62. Kd6 Nf7+ 63. Kc6 Ke5 64. Kb7 Nd8+ 65. Kxa7 Kxf6 66. Kb8 Ke7 67. a5 1-0

[Event "26. Herner Stadtmeisterschaft 2025"]
[Site "?"]
[Date "2025.03.17"]
[Round "7.20"]
[White "Schatte, Michael"]
[Black "Cosic, Tarik"]
[Result "0-1"]
[WhiteElo "1743"]
[BlackElo "1468"]
[PlyCount "43"]
[GameId "2156903316476450"]
[EventDate "2025.??.??"]
[WhiteTeam "SK Sodingen/Castrop 24/23 e. V."]
[BlackTeam "SV Waltrop 1922 e. V."]

1. c4 c5 2. Nc3 Nc6 3. g3 g6 4. Nf3 Bg7 5. Rb1 Nf6 6. a3 d5 7. cxd5 Nxd5 8. Nxd5 Qxd5 9. Bg2 O-O 10. O-O e5 11. b4 e4 12. Ne1 f5 13. Qb3 Qxb3 14. Rxb3 c4 15. Rb1 Nd4 16. e3 Ne2+ 17. Kh1 Nxc1 18. Rxc1 Be6 19. Nc2 Rad8 20. f3 exf3 21. Bxf3 Rxd2 22. Bxb7 0-1

[Event "26. Herner Stadtmeisterschaft 2025"]
[Site "?"]
[Date "2025.03.17"]
[Round "7.21"]
[White "Tolksdorf, Jürgen"]
[Black "Scheithauer, Ralf"]
[Result "0-1"]
[WhiteElo "1688"]
[BlackElo "1309"]
[PlyCount "77"]
[GameId "2156891137102150"]
[EventDate "2025.??.??"]
[WhiteTeam "SV Günnigfeld 1922 e."]
[BlackTeam "Bochumer SV 02"]

1. e4 e5 2. Nf3 Nc6 3. d4 exd4 4. Nxd4 Bb4+ 5. c3 Bc5 6. Bc4 Bb6 7. Be3 Nge7 8. Nd2 O-O 9. h4 d6 10. h5 h6 11. N2f3 Bg4 12. Qd2 Ne5 13. Be2 N7c6 14. O-O-O Qd7 15. Nh4 Bxe2 16. Qxe2 Qe7 17. Nhf5 Qf6 18. f4 Nd7 19. g4 Nxd4 20. cxd4 Qe6 21. Qg2 Qxa2 22. g5 Qc4+ 23. Kb1 Kh7 24. gxh6 Rg8 25. hxg7 Qe6 26. d5 Qf6 27. Bc1 Rae8 28. Qf3 Nc5 29. Rde1 Nxe4 30. Rxe4 Qxf5 31. Rhe1 Rxg7 32. Ka1 Rxe4 33. Rxe4 Qxd5 34. h6 Rg1 35. Kb1 Re1 36. Qg3 Qxe4+ 37. Ka2 Bd4 38. Bd2 Qb1+ 39. Kb3 0-1

[Event "26. Herner Stadtmeisterschaft 2025"]
[Site "?"]
[Date "2025.03.17"]
[Round "7.22"]
[White "Mayeres, Hans-Christian"]
[Black "Kowalczyk, Frank"]
[Result "1-0"]
[WhiteElo "1837"]
[BlackElo "1666"]
[PlyCount "69"]
[GameId "2156896525722011"]
[EventDate "2025.??.??"]
[WhiteTeam "SC Recklinghausen Altsta"]
[BlackTeam "SK Sodingen/Castrop 24/23 e. V."]

1. c4 c5 2. g3 Nc6 3. Bg2 d6 4. Nc3 Nf6 5. d3 g6 6. a3 Bg7 7. Rb1 O-O 8. Bd2 a5 9. Nf3 Bd7 10. O-O e5 11. Nb5 Ne8 12. Ng5 Rb8 13. Ne4 Qe7 14. b4 axb4 15. axb4 b6 16. e3 Nd8 17. Nec3 Be6 18. bxc5 bxc5 19. Ra1 Qd7 20. Ra7 Qc8 21. Ne4 Nb7 22. Qa4 Bd7 23. Rb1 Bc6 24. Qa2 f5 25. Nec3 Bxg2 26. Kxg2 Nf6 27. e4 Rd8 28. Bg5 Kh8 29. Nd5 Nxd5 30. Bxd8 Nb4 31. Rxb4 cxb4 32. Bc7 Nd8 33. Bxb8 Qxb8 34. Qa6 Bf6 35. Ra8 1-0

[Event "26. Herner Stadtmeisterschaft 2025"]
[Site "?"]
[Date "2025.03.17"]
[Round "7.23"]
[White "Schneider, Timo"]
[Black "Wieschermann, Axel"]
[Result "1/2-1/2"]
[WhiteElo "1692"]
[BlackElo "1665"]
[PlyCount "116"]
[GameId "2156861855481995"]
[EventDate "2025.??.??"]
[WhiteTeam "SV Datteln 1924"]
[BlackTeam "SG Winz-Baak 48"]

1. c4 b6 2. Nc3 Bb7 3. e4 e6 4. d4 Bb4 5. d5 exd5 6. exd5 Qe7+ 7. Qe2 Bxc3+ 8. bxc3 d6 9. Bg5 Qxe2+ 10. Nxe2 Nd7 11. Nd4 Ngf6 12. Bd3 h6 13. Bxf6 Nxf6 14. O-O O-O 15. Rfe1 Rfe8 16. f3 a6 17. Kf2 Nd7 18. f4 Nc5 19. Bc2 Kf8 20. a4 a5 21. Rxe8+ Rxe8 22. Re1 Rxe1 23. Kxe1 Bc8 24. Ke2 Bd7 25. Nb5 Na6 26. Ke3 Ke7 27. Kd4 Kf6 28. g3 h5 29. h4 Bf5 30. Bxf5 Kxf5 31. Ke3 Kg4 32. Kf2 g6 33. Kg2 Kf5 34. Kf3 Kf6 35. g4 Ke7 36. gxh5 gxh5 37. f5 f6 38. Kf4 Kd7 39. Nd4 Nc5 40. Ne6 Nxa4 41. Ng7 Nxc3 42. Nxh5 a4 43. Nxf6+ Ke7 44. Ng4 Nd1 45. Kg5 a3 46. Kg6 Kf8 47. Nf6 a2 48. Nh7+ Ke8 49. f6 a1=Q 50. f7+ Kd7 51. f8=Q Qb1+ 52. Qf5+ Qxf5+ 53. Kxf5 Ne3+ 54. Kg6 Nxc4 55. Nf6+ Ke7 56. h5 Ne5+ 57. Kg7 Nf7 58. Ng8+ Ke8 1/2-1/2

[Event "26. Herner Stadtmeisterschaft 2025"]
[Site "?"]
[Date "2025.03.17"]
[Round "7.25"]
[White "Boost, Jürgen"]
[Black "Franzel, Christian"]
[Result "1/2-1/2"]
[WhiteElo "1969"]
[BlackElo "1683"]
[PlyCount "79"]
[GameId "2156882602225940"]
[EventDate "2025.??.??"]
[WhiteTeam "SC Gerthe 46 - Werne"]
[BlackTeam "SV Schwarz-Weiß Oberha"]

1. e4 d6 2. d4 Nf6 3. Nc3 e5 4. Nf3 Nbd7 5. h3 c6 6. Be2 Be7 7. O-O O-O 8. Re1 Re8 9. a4 a5 10. Be3 h6 11. Qd2 Bf8 12. dxe5 dxe5 13. Red1 Qc7 14. Nh2 Nc5 15. Bf3 Be6 16. Ng4 Bxg4 17. hxg4 Rad8 18. Qe2 g5 19. Qc4 Ne6 20. Kf1 Rxd1+ 21. Rxd1 Rd8 22. Ke2 Rxd1 23. Kxd1 Qd7+ 24. Qd3 Nd4 25. Bxd4 exd4 26. Ne2 Nxg4 27. Ke1 Bg7 28. Bxg4 Qxg4 29. Ng3 Be5 30. Nf5 Kh7 31. Nxd4 Qxg2 32. c3 Qg1+ 33. Ke2 Qc1 34. b3 Qb2+ 35. Kf3 c5 36. Qc4 cxd4 37. Qxf7+ Bg7 38. Qf5+ Kg8 39. Qe6+ Kf8 40. Qc8+ 1/2-1/2

[Event "26. Herner Stadtmeisterschaft 2025"]
[Site "?"]
[Date "2025.03.17"]
[Round "7.28"]
[White "Landwehr, Ingo"]
[Black "Heiduk, Christopher"]
[Result "0-1"]
[WhiteElo "1703"]
[BlackElo "1673"]
[PlyCount "82"]
[GameId "2156888741032251"]
[EventDate "2025.??.??"]
[WhiteTeam "Bochumer SV 02"]
[BlackTeam "SV Datteln 1924"]

1. c4 b6 2. Nc3 e6 3. e4 Bb7 4. g3 Bb4 5. Bg2 Bxc3 6. bxc3 f5 7. d4 Nf6 8. Bg5 O-O 9. Bxf6 Rxf6 10. d5 fxe4 11. Bxe4 Qf8 12. Nh3 d6 13. O-O Nd7 14. Ng5 g6 15. Nxe6 Qe7 16. Re1 Ne5 17. Qe2 Ba6 18. f4 Bxc4 19. Qd1 Nf7 20. Qd4 b5 21. Nxc7 Rc8 22. Ne6 Nh6 23. h3 Nf5 24. Bxf5 Rxf5 25. Ng5 Qd7 26. Ne4 Rcf8 27. Rad1 Bxd5 28. Nxd6 Qxd6 29. Re5 Rd8 30. g4 Rxe5 31. fxe5 Qe6 32. Qxa7 Rd7 33. Qb8+ Kg7 34. Rf1 Rf7 35. Re1 Bxa2 36. Qxb5 Bd5 37. Qc5 Rf3 38. Qa7+ Qf7 39. Qd4 Kg8 40. Rb1 Rg3+ 41. Kh2 Rg2+ 0-1

[Event "26. Herner Stadtmeisterschaft 2025"]
[Site "?"]
[Date "2025.03.17"]
[Round "7.29"]
[White "Deppe, Stefan"]
[Black "Steinke, Hans-Jörg"]
[Result "0-1"]
[WhiteElo "1170"]
[BlackElo "1715"]
[PlyCount "30"]
[GameId "2156902989746711"]
[EventDate "2025.??.??"]
[WhiteTeam "vereinslos"]
[BlackTeam "SV Erkenschwick 1923 e"]

1. e4 e6 2. d4 d5 3. Nc3 Nf6 4. e5 Nfd7 5. f4 c5 6. Nf3 Nc6 7. Be3 Qb6 8. Na4 Qa5+ 9. Nc3 cxd4 10. Bxd4 Nxd4 11. Nxd4 Qb4 12. Rb1 g6 13. a3 Qb6 14. Na4 Qa5+ 15. c3 b5 0-1

[Event "26. Herner Stadtmeisterschaft 2025"]
[Site "?"]
[Date "2025.03.17"]
[Round "7.31"]
[White "Werner, Lennert"]
[Black "Lojack, Rouven"]
[Result "0-1"]
[WhiteElo "1059"]
[BlackElo "1749"]
[PlyCount "94"]
[GameId "2156881049362697"]
[EventDate "2025.??.??"]
[WhiteTeam "SK Sodingen/Castrop 24/23 e. V."]
[BlackTeam "SV Königsspringer Halt"]

1. e4 e5 2. Nf3 Nc6 3. Bc4 Bc5 4. O-O Nf6 5. d3 h6 6. Be3 Bb6 7. Nbd2 d6 8. a3 O-O 9. h3 Ne7 10. Bxb6 axb6 11. Re1 c5 12. c3 Bd7 13. Nf1 b5 14. Bb3 Bc6 15. Ng3 Qc7 16. d4 exd4 17. cxd4 c4 18. Bc2 Ng6 19. d5 Bd7 20. Qd2 Ne5 21. Nxe5 dxe5 22. Qb4 b6 23. Ne2 Qc8 24. Rad1 Qc5 25. Qxc5 bxc5 26. f3 b4 27. axb4 cxb4 28. b3 Ra2 29. Rc1 c3 30. Bd3 Rfa8 31. f4 Rd2 32. Red1 Raa2 33. fxe5 Nh5 34. Rxd2 Rxd2 35. Bc4 g5 36. g4 Nf4 37. Nxf4 gxf4 38. e6 fxe6 39. dxe6 Be8 40. Kf1 f3 41. h4 Rh2 42. Kg1 Rg2+ 43. Kf1 Kf8 44. g5 hxg5 45. hxg5 Rxg5 46. Rc2 Rg2 47. Bd3 Bb5 0-1

[Event "26. Herner Stadtmeisterschaft 2025"]
[Site "?"]
[Date "2025.03.17"]
[Round "7.33"]
[White "Mücke, Lukas-Benedikt"]
[Black "Deno, Thomas"]
[Result "1/2-1/2"]
[WhiteElo "1650"]
[BlackElo "1722"]
[PlyCount "52"]
[GameId "2156896008405392"]
[EventDate "2025.??.??"]
[WhiteTeam "vereinslos"]
[BlackTeam "SC Buer-Hassel 1919 e. V."]

1. Nf3 Nf6 2. g3 g6 3. Bg2 Bg7 4. d4 d6 5. O-O Nbd7 6. c4 O-O 7. Nc3 e5 8. e4 c6 9. h3 Qe7 10. dxe5 dxe5 11. Be3 h6 12. a3 Nc5 13. Qc2 Nh5 14. b4 Ne6 15. Rad1 f5 16. Nh4 Qf6 17. exf5 gxf5 18. Qe2 Qf7 19. Bf3 Nf6 20. Nxf5 e4 21. Bg2 Ng5 22. Bxg5 Bxf5 23. Bxf6 Bxf6 24. Rc1 Bg5 25. Ra1 Bf6 26. Rac1 Bg5 1/2-1/2

[Event "26. Herner Stadtmeisterschaft 2025"]
[Site "?"]
[Date "2025.03.17"]
[Round "7.34"]
[White "von Blumenthal, Nikolaus"]
[Black "Breimann, Tobias"]
[Result "1-0"]
[WhiteElo "1484"]
[BlackElo "1693"]
[PlyCount "85"]
[GameId "2156884014166307"]
[EventDate "2025.??.??"]
[WhiteTeam "SV Zeppelin Herne e. V."]
[BlackTeam "SV Waltrop 1922 e. V."]

1. e4 e6 2. f4 d5 3. e5 Ne7 4. d4 Ng6 5. Nf3 c5 6. b3 Nc6 7. g3 Be7 8. c3 O-O 9. Bd3 a6 10. a4 Qb6 11. Be3 Nh8 12. O-O f6 13. Nbd2 Nf7 14. Qc2 f5 15. Rf2 Nh6 16. h3 Qa5 17. Rg2 b5 18. dxc5 b4 19. cxb4 Qxb4 20. Rc1 Bb7 21. Qc3 Rfd8 22. Qxb4 Nxb4 23. Be2 Rac8 24. Bd4 Na2 25. Ra1 Nb4 26. Rb1 Bxc5 27. Kf2 Nc2 28. Bxc5 Rxc5 29. Rgg1 Rc3 30. Rgc1 d4 31. Bc4 Kf7 32. Ng5+ Ke7 33. Nxe6 Rd7 34. Nc5 Rc7 35. Nxb7 Rxb7 36. Bxa6 Rbc7 37. Bc4 Na3 38. Ra1 Nxc4 39. Nxc4 Rxb3 40. a5 Rc3 41. Rxc3 dxc3 42. Ne3 Nf7 43. Nd5+ 1-0

[Event "26. Herner Stadtmeisterschaft 2025"]
[Site "?"]
[Date "2025.03.17"]
[Round "7.36"]
[White "Kümmel, Hans-Jürgen"]
[Black "Domnik, Roland"]
[Result "1/2-1/2"]
[WhiteElo "1747"]
[BlackElo "1635"]
[PlyCount "91"]
[GameId "2156879965462782"]
[EventDate "2025.??.??"]
[WhiteTeam "SV Günnigfeld 1922 e."]
[BlackTeam "SV Datteln 1924"]

1. Nf3 c5 2. c4 Nc6 3. Nc3 Nf6 4. g3 d6 5. Bg2 e6 6. O-O Bd7 7. e3 Be7 8. d4 cxd4 9. exd4 d5 10. cxd5 exd5 11. Ne5 Be6 12. Nxc6 bxc6 13. Bd2 O-O 14. Na4 Rb8 15. b3 Bb4 16. Rb1 Bxd2 17. Qxd2 Rc8 18. Nc5 Bf5 19. Rbe1 Re8 20. Rxe8+ Nxe8 21. Re1 Nd6 22. Re5 f6 23. Re2 Nb5 24. h3 Rc7 25. Qf4 Bc8 26. Qe3 Kf7 27. a4 Nd6 28. g4 Re7 29. Qd2 Rxe2 30. Qxe2 Qe7 31. Qxe7+ Kxe7 32. Bf1 Nf7 33. Kg2 f5 34. Be2 Ng5 35. Kg3 Ne4+ 36. Nxe4 fxe4 37. Kf4 a5 38. h4 Kd6 39. f3 exf3 40. Bxf3 Ba6 41. Ke3 c5 42. dxc5+ Kxc5 43. Kd2 Kd4 44. Bg2 Bd3 45. Bxd5 Kxd5 46. Kxd3 1/2-1/2

[Event "26. Herner Stadtmeisterschaft 2025"]
[Site "?"]
[Date "2025.03.17"]
[Round "7.37"]
[White "Preuß, Thorsten"]
[Black "Mai, Michael"]
[Result "0-1"]
[WhiteElo "1164"]
[BlackElo "1426"]
[PlyCount "86"]
[GameId "2156894997954947"]
[EventDate "2025.??.??"]
[WhiteTeam "Bochumer SV 02"]
[BlackTeam "SV Günnigfeld 1922 e."]

1. e4 c5 2. Nf3 d6 3. Bc4 Nf6 4. Nc3 e6 5. d3 Nc6 6. Bg5 Be7 7. O-O O-O 8. Re1 Na5 9. Nd2 Nxc4 10. Nxc4 a6 11. e5 Nd7 12. Bxe7 Qxe7 13. Nxd6 f6 14. Nxc8 Raxc8 15. exf6 Nxf6 16. Qd2 Qf7 17. Qf4 Qd7 18. Ne4 Qd4 19. Nxf6+ Rxf6 20. Qxd4 cxd4 21. Re4 Rxc2 22. f3 Rxb2 23. Rxd4 Rf7 24. Re4 Rc7 25. Rxe6 Rcc2 26. Rae1 Rxg2+ 27. Kh1 Rxh2+ 28. Kg1 h6 29. Rg6 Rhd2 30. Rge6 Rxd3 31. f4 Rd8 32. f5 Kf7 33. Re7+ Kf6 34. R1e5 Rd1+ 35. Re1 Rxe1+ 36. Rxe1 Kxf5 37. Rf1+ Kg4 38. Rd1 g5 39. Rd6 Kg3 40. Kf1 Kf3 41. Ke1 g4 42. Rxh6 g3 43. Rg6 g2 0-1

[Event "26. Herner Stadtmeisterschaft 2025"]
[Site "?"]
[Date "2025.03.17"]
[Round "7.38"]
[White "Bunzel, Robert"]
[Black "Neumann, Frank"]
[Result "0-1"]
[WhiteElo "1555"]
[BlackElo "1321"]
[PlyCount "54"]
[GameId "2156897695699381"]
[EventDate "2025.??.??"]
[WhiteTeam "SV Wattenscheid 1930 e"]
[BlackTeam "SV Waltrop 1922 e. V."]

1. c4 c5 2. g3 Nf6 3. Bg2 d5 4. cxd5 Nxd5 5. e4 Nb6 6. Nc3 Nc6 7. d3 e5 8. Nf3 Be7 9. O-O O-O 10. b3 Be6 11. Be3 Nd7 12. Qe2 Nf6 13. h3 a6 14. Rfd1 Qc7 15. Ng5 Rad8 16. Nxe6 fxe6 17. f4 Nd4 18. Qf2 Nh5 19. Bxd4 cxd4 20. Ne2 exf4 21. Rac1 Qe5 22. gxf4 Nxf4 23. Nxf4 Rxf4 24. Qb2 Bh4 25. Rf1 Rdf8 26. Rxf4 Qxf4 27. Qe2 Qxc1+ 0-1